logo

Bir Sreshtho Munshi Abdur Rouf Library
Jhenaidah Cadet College

The Military History of the Korean war / (Record no. 4770)

MARC details
000 -LEADER
fixed length control field 00575nam a2200217 a 4500
001 - CONTROL NUMBER
JCCL Control Number 4770
003 - CONTROL NUMBER IDENTIFIER
JCCL marc code BD-JhCC
005 - DATE AND TIME OF LATEST TRANSACTION
control field 20171203164619.0
008 - FIXED-LENGTH DATA ELEMENTS--GENERAL INFORMATION
fixed length control field 171203s1963 newa|||| |||| 001 0 eng d
035 ## - SYSTEM CONTROL NUMBER
system control number (BD-JhCC)4770
040 ## - CATALOGING SOURCE
Original cataloging agency BD-JhCC
Modifying agency BD-JhCC
041 ## - LANGUAGE CODE
Language code of Book eng
082 ## - DEWEY DECIMAL CLASSIFICATION NUMBER
Classification number 951.9
Author mark and Year MAR 1963
100 ## - MAIN ENTRY--PERSONAL NAME
Personal name Marshall, S.L.A
245 ## - TITLE STATEMENT
Title The Military History of the Korean war /
Statement of responsibility, etc S.L.A Marshall
260 ## - PUBLICATION, DISTRIBUTION, ETC. (IMPRINT)
Place of publication, distribution, etc New york :
Name of publisher, distributor, etc Franklin watts, Inc,
Date of publication, distribution, etc 1963.
300 ## - PHYSICAL DESCRIPTION
Pagination 90 p. :
Other physical details ill. ;
Dimensions 22 cm.
650 ## - SUBJECT ADDED ENTRY--TOPICAL TERM
Topical term or geographic name as entry element Korean war (1950-1953)
942 ## - ADDED ENTRY ELEMENTS (KOHA)
Source of classification or shelving scheme Dewey Decimal Classification
Koha item type Books
Holdings
Source of classification or shelving scheme Damaged status Not for loan Home library Current library Shelving location Date of accession Total Checkouts Full call number Barcode Date last seen Copy number Koha item type
Dewey Decimal Classification     JCC Rouf Library JCC Rouf Library General Stacks 12/03/2017   951.9 MAR 1963 6745 12/03/2017 C-1 Books

JCC Library | Contacts | JCC Home

Last Update on 23 September 2017
Copyright @ 2017-2020 JCC Rouf Library
Rouf Library, Jhenidah Cadet College (JCC), Bangladesh